120 One Syllable Names - Statistics

General Stats
  • This quiz has been taken 23 times
  • The average score is 14 of 120
Answer Stats
First letter Answer % Correct
B Ben
77%
J John
55%
L Lee
55%
M Mark
45%
M Mike
45%
W Will
41%
J Jake
36%
J Jen
36%
M Max
36%
J Jane
32%
Q Quinn
32%
B Bea
27%
D Di
27%
J June
27%
L Luke
27%
M May
27%
N Nick
27%
R Ray
27%
K Kyle
23%
N Nate
23%
N Nell
23%
R Rose
23%
S Sue
23%
V Val
23%
D Dane
18%
E Eve
18%
G Gabe
18%
J Jess
18%
K Kai
18%
K Kate
18%
L Lou
18%
R Ruth
18%
S Seth
18%
W Wes
18%
A Ash
14%
B Beau
14%
B Blane
14%
B Bree
14%
D Dawn
14%
F Finn
14%
F Flo
14%
G Grace
14%
H Hope
14%
J Jax
14%
L Lynn
14%
M Mack
14%
M Meg
14%
R Ren
14%
S Sloan
14%
C Cal
9%
C Cane
9%
D Dale
9%
D Dax
9%
J Jade
9%
K Kal
9%
L Lex
9%
P Paige
9%
R Reese
9%
S Sage
9%
C Case
5%
C Crew
5%
C Cy
5%
D Duke
5%
F Fern
5%
F Flynn
5%
G Griff
5%
K King
5%
K Knox
5%
L Liv
5%
O Oak
5%
R Reid
5%
R Rhett
5%
R Rue
5%
S Scott
5%
T Tag
5%
T Trey
5%
Z Zale
5%
Z Zeke
5%
B Blaire
0%
B Blaze
0%
B Blue
0%
B Brooks
0%
C Cho
0%
D Dee
0%
E Evy
0%
F Fleur
0%
G Gus
0%
H Hans
0%
H Harp
0%
H Hawk
0%
H Holt
0%
H Hyde
0%
I Ivy
0%
J Jase
0%
J Joss
0%
K Kip
0%
L Lark
0%
L Leif
0%
L Linx
0%
L Lux
0%
L Lys
0%
M Mars
0%
M Maude
0%
M Moss
0%
P Pax
0%
P Penn
0%
P Psalm
0%
R Raine
0%
R Raya
0%
S Scout
0%
S Snow
0%
S Star
0%
T Tai
0%
T True
0%
V Vale
0%
W Wolf
0%
W Wren
0%
X Xand
0%
Z Zeus
0%
No matching quizzes found
Score Distribution
Percent of People with Each Score
Percentile by Number Answered
Your Score History
You have not taken this quiz